000 00793nam a2200289Ia 4500
001 16300
003 IT-RoPAU
008 130308s9999 xx 000 0 und d
040 _aIT-RoPAU
040 _cIT-RoPAU
041 _aITALIANO
100 _aAA.VV.
100 _gCodice Aut. SPICS: 12000
245 _aLettere dei bambini di Piossasco (To) ai bambini di Pisa
245 _bTerza rassegna del Cinema dei Ragazzi-Pisa 1978
250 _a1a ed.
260 _aCOMUNE DI PISA
260 _bRegione Toscana
260 _c1978 [1° Ed.:1978 - Ed.Ling.Originale:1978]
300 _a"9 p. (prefazione: no ; testo: 9 [pagine: 341-349])"
650 _aEDUCAZIONE AL CINEMA
650 _eCodice materia Spics: 6812
942 _cBK
957 _71
999 _c56091
_d56091
999 _bSI
999 _g1